[Event "GER Cup Net V2 U2000"]
[Site "Playchess.com INT"]
[Date "2020.05.22"]
[Round "8"]
[White "Block, Timo"]
[Black "Berg, Juergen"]
[Result "1-0"]
[WhiteElo "1840"]
[BlackElo "1696"]
[PlyCount "35"]
[EventDate "2020.05.22"]
[EventType "swiss (blitz)"]
[EventRounds "9"]
[EventCountry "GER"]
[SourceTitle "EXT 2021"]
[Source "ChessBase"]
[SourceDate "2020.10.23"]
[SourceVersion "1"]
[SourceVersionDate "2020.10.23"]
[SourceQuality "1"]

1. e4 e6 2. d4 d5 3. e5 c5 4. c3 Nc6 5. Nf3 Nh6 6. a3 f6 7. b4 cxd4 8. cxd4 Nf7 9. exf6 Qxf6 10. Bb2 Bd6 11. Bb5 0-0 12. 0-0 Kh8 13. Nbd2 e5 14. dxe5 Ncxe5 15. Qb3 Be6 16. Rfe1 Nxf3+ 17. Nxf3 Ng5 18. Bxf6 1-0

[Event "GER Cup Net V2 U2000"]
[Site "Playchess.com INT"]
[Date "2020.05.22"]
[Round "5"]
[White "Block, Timo"]
[Black "Hofmann, Matthias1111"]
[Result "1/2-1/2"]
[WhiteElo "1840"]
[BlackElo "1622"]
[PlyCount "76"]
[EventDate "2020.05.22"]
[EventType "swiss (blitz)"]
[EventRounds "9"]
[EventCountry "GER"]
[SourceTitle "EXT 2021"]
[Source "ChessBase"]
[SourceDate "2020.10.23"]
[SourceVersion "1"]
[SourceVersionDate "2020.10.23"]
[SourceQuality "1"]

1. e4 e6 2. d4 d5 3. e5 c5 4. c3 Nc6 5. Nf3 Qb6 6. a3 c4 7. Be2 Bd7 8. 0-0 Nge7 9. Nbd2 Na5 10. Nh4 Ng6 11. Nxg6 hxg6 12. f4 Be7 13. g4 0-0-0 14. b4 cxb3 15. Rb1 Ba4 16. c4 Kb8 17. c5 Bxc5 18. dxc5 Qxc5+ 19. Rf2 Rxh2 20. Qe1 Rxf2 21. Qxf2 Qxf2+ 22. Kxf2 Rc8 23. Bd1 Rc3 24. Bb2 Rc8 25. Bd4 Nc6 26. Ba1 b2 27. Bxb2 Bxd1 28. Rxd1 Na5 29. Bd4 Nc4 30. Nxc4 Rxc4 31. Ke3 b5 32. Rb1 a6 33. Kd3 Kb7 34. f5 gxf5 35. gxf5 exf5 36. Rh1 g6 37. Rh7 Rc7 38. Rh8 Rc1 1/2-1/2

[Event "GER-ch U18 sf Berlin Online"]
[Site "Playchess.com INT"]
[Date "2020.05.01"]
[Round "5"]
[White "Block, Timo"]
[Black "Von Mettenheim, Johannes"]
[Result "1-0"]
[WhiteElo "1693"]
[BlackElo "1984"]
[PlyCount "81"]
[EventDate "2020.05.01"]
[EventType "swiss (blitz)"]
[EventRounds "13"]
[EventCountry "GER"]
[SourceTitle "CBM 195 Extra"]
[Source "ChessBase"]
[SourceDate "2020.05.31"]
[SourceVersion "1"]
[SourceVersionDate "2020.05.31"]
[SourceQuality "1"]

1. e4 c6 2. d4 d5 3. Nc3 dxe4 4. Nxe4 Bf5 5. Ng3 Bg6 6. Nf3 Nd7 7. h4 h6 8. h5 Bh7 9. Bd3 Bxd3 10. Qxd3 e6 11. Bf4 Qa5+ 12. c3 Ngf6 13. Ne5 Rd8 14. Qe2 Nd5 15. Bd2 Be7 16. 0-0 Qc7 17. c4 N5f6 18. Bc3 0-0 19. Rad1 Bd6 20. Ne4 Nxe4 21. Qxe4 Nf6 22. Qf3 c5 23. Rfe1 cxd4 24. Bxd4 Bxe5 25. Bxe5 Rxd1 26. Qxd1 Qxc4 27. b3 Qd5 28. Qe2 Nd7 29. Bb2 Re8 30. Qg4 Qg5 31. Qd4 Nf6 32. Re5 Qg4 33. Qd3 Nxh5 34. Re4 Nf4 35. Qf3 Qxf3 36. gxf3 Nd5 37. Rg4 g6 38. Ra4 a6 39. Rc4 Re7 40. Rc8+ Kh7 41. Rh8# 1-0

[Event "GER-ch U18 sf Berlin Online"]
[Site "Playchess.com INT"]
[Date "2020.05.01"]
[Round "11"]
[White "Block, Timo"]
[Black "Zackrisson, Peter"]
[Result "0-1"]
[WhiteElo "1693"]
[BlackElo "1857"]
[PlyCount "104"]
[EventDate "2020.05.01"]
[EventType "swiss (blitz)"]
[EventRounds "13"]
[EventCountry "GER"]
[SourceTitle "CBM 195 Extra"]
[Source "ChessBase"]
[SourceDate "2020.05.31"]
[SourceVersion "1"]
[SourceVersionDate "2020.05.31"]
[SourceQuality "1"]

1. e4 c5 2. c3 Nf6 3. e5 Nd5 4. d4 cxd4 5. cxd4 Nc6 6. Nf3 d6 7. Bc4 Nb6 8. Bb3 dxe5 9. dxe5 Qxd1+ 10. Bxd1 Bg4 11. Bf4 e6 12. 0-0 0-0-0 13. Nc3 Nc4 14. Rc1 Nxb2 15. Nb5 Nxd1 16. Rfxd1 Rxd1+ 17. Rxd1 Bxf3 18. gxf3 Bc5 19. Nd6+ Bxd6 20. exd6 Kd7 21. Rc1 e5 22. Be3 Kxd6 23. Rd1+ Ke6 24. Kg2 a6 25. Bb6 Re8 26. Kg3 g5 27. Kg4 f6 28. Re1 Re7 29. h4 gxh4 30. Kxh4 Kf5 31. Be3 Rg7 32. Rb1 Nd8 33. Rb4 Ne6 34. Kh5 Rd7 35. Kh6 Nd4 36. f4 Nc2 37. Rc4 Nxe3 38. fxe3 b5 39. Rb4 exf4 40. Rxf4+ Ke5 41. a4 Rd3 42. axb5 Rxe3 43. Rb4 Rh3+ 44. Kg7 axb5 45. Rxb5+ Kf4 46. Kxf6 h5 47. Kg6 h4 48. Rg5 Rg3 49. Rxg3 Kxg3 50. Kf5 h3 51. Ke4 h2 52. Ke3 h1Q 0-1

[Event "GER-ch U18 sf Berlin Online"]
[Site "Playchess.com INT"]
[Date "2020.05.01"]
[Round "4"]
[White "Costa, Leonardo"]
[Black "Block, Timo"]
[Result "1-0"]
[WhiteElo "1928"]
[BlackElo "1693"]
[PlyCount "89"]
[EventDate "2020.05.01"]
[EventType "swiss (blitz)"]
[EventRounds "13"]
[EventCountry "GER"]
[SourceTitle "CBM 195 Extra"]
[Source "ChessBase"]
[SourceDate "2020.05.31"]
[SourceVersion "1"]
[SourceVersionDate "2020.05.31"]
[SourceQuality "1"]

1. e4 e6 2. d4 d5 3. e5 c5 4. c3 Nc6 5. Nf3 Qb6 6. a3 c4 7. Nbd2 Na5 8. Be2 Bd7 9. 0-0 Ne7 10. a4 Ng6 11. g3 Nb3 12. Nxb3 cxb3 13. Nd2 Qc7 14. Qxb3 Bc6 15. h4 Be7 16. h5 Nf8 17. f4 Nd7 18. Nf3 f6 19. Be3 g6 20. Qc2 Rg8 21. Bd3 gxh5 22. Bxh7 Rxg3+ 23. Kf2 Rg7 24. Bg6+ Kd8 25. Bxh5 fxe5 26. dxe5 Bc5 27. Qd2 Qb6 28. b4 Bxe3+ 29. Qxe3 Qxe3+ 30. Kxe3 a6 31. Rg1 Rxg1 32. Rxg1 Kc7 33. Rg7 Rh8 34. Bg4 Rh6 35. Nd4 b5 36. axb5 Bxb5 37. Bxe6 Kd8 38. Nxb5 Rxe6 39. Nd6 Nf6 40. Nb7+ Kc8 41. Kd4 Ne4 42. Kxd5 Rb6 43. Kxe4 Rxb7 44. Rxb7 Kxb7 45. f5 1-0

[Event "GER-ch U18 sf Berlin Online"]
[Site "Playchess.com INT"]
[Date "2020.05.01"]
[Round "6"]
[White "Deuer, Marius"]
[Black "Block, Timo"]
[Result "1-0"]
[WhiteElo "1888"]
[BlackElo "1693"]
[PlyCount "53"]
[EventDate "2020.05.01"]
[EventType "swiss (blitz)"]
[EventRounds "13"]
[EventCountry "GER"]
[SourceTitle "CBM 195 Extra"]
[Source "ChessBase"]
[SourceDate "2020.05.31"]
[SourceVersion "1"]
[SourceVersionDate "2020.05.31"]
[SourceQuality "1"]

1. d4 d5 2. c4 c6 3. Nc3 Nf6 4. Nf3 dxc4 5. a4 Bf5 6. Bg5 Nbd7 7. e3 Qc7 8. Bxc4 e5 9. 0-0 Be7 10. Bxf6 Bxf6 11. e4 Bg4 12. d5 0-0 13. Rc1 Qb6 14. dxc6 bxc6 15. b3 Nc5 16. h3 Bh5 17. g4 Bg6 18. Qc2 Rfe8 19. h4 h6 20. g5 hxg5 21. hxg5 Bd8 22. Kg2 Bc7 23. Nh4 Bh7 24. g6 Bxg6 25. Nxg6 Kh7 26. Bxf7 Rf8 27. Rh1# 1-0

[Event "GER-ch U18 sf Berlin Online"]
[Site "Playchess.com INT"]
[Date "2020.05.01"]
[Round "8"]
[White "Laux, Dominik"]
[Black "Block, Timo"]
[Result "1-0"]
[WhiteElo "1923"]
[BlackElo "1693"]
[PlyCount "43"]
[EventDate "2020.05.01"]
[EventType "swiss (blitz)"]
[EventRounds "13"]
[EventCountry "GER"]
[SourceTitle "CBM 195 Extra"]
[Source "ChessBase"]
[SourceDate "2020.05.31"]
[SourceVersion "1"]
[SourceVersionDate "2020.05.31"]
[SourceQuality "1"]

1. d4 d5 2. Bf4 Nf6 3. e3 c5 4. Nc3 Nc6 5. Nb5 e5 6. dxe5 Nh5 7. Qxh5 a6 8. Nd6+ Bxd6 9. exd6 Be6 10. Nf3 0-0 11. Bd3 h6 12. Bxh6 gxh6 13. Qxh6 f5 14. Qxe6+ Rf7 15. Bxf5 Kf8 16. 0-0 Rf6 17. Qxd5 Rxd6 18. Qxc5 Qe7 19. e4 Rad8 20. e5 Rd5 21. Qxe7+ Nxe7 22. Bd3 1-0

[Event "GER-ch U18 sf Berlin Online"]
[Site "Playchess.com INT"]
[Date "2020.05.01"]
[Round "2"]
[White "Margaryan, Venera"]
[Black "Block, Timo"]
[Result "0-1"]
[WhiteElo "1514"]
[BlackElo "1693"]
[PlyCount "70"]
[EventDate "2020.05.01"]
[EventType "swiss (blitz)"]
[EventRounds "13"]
[EventCountry "GER"]
[SourceTitle "CBM 195 Extra"]
[Source "ChessBase"]
[SourceDate "2020.05.31"]
[SourceVersion "1"]
[SourceVersionDate "2020.05.31"]
[SourceQuality "1"]

1. d4 d5 2. c4 c6 3. Nc3 Nf6 4. cxd5 cxd5 5. Bg5 Nc6 6. Nf3 e6 7. e3 Be7 8. Bd3 0-0 9. 0-0 Bd7 10. Qc2 Rc8 11. Bxf6 Bxf6 12. Bxh7+ Kh8 13. Bd3 Nb4 14. Qd1 Nxd3 15. Qxd3 Qb6 16. b3 Qb4 17. Rac1 Rc6 18. Ne2 Rxc1 19. Rxc1 Bb5 20. Qd2 Qxd2 21. Nxd2 Bxe2 22. Rc7 Ba6 23. h3 Kg8 24. Nf3 Re8 25. Ne1 e5 26. dxe5 Bxe5 27. Rd7 d4 28. exd4 Bxd4 29. Nc2 Be5 30. Nb4 Bb5 31. Rxb7 Bd6 32. Nc2 Bd3 33. Ne3 Rc8 34. f3 Bg3 35. Nc4 Re8 0-1

[Event "GER-ch U18 sf Berlin Online"]
[Site "Playchess.com INT"]
[Date "2020.05.01"]
[Round "10"]
[White "Pimenov, Danil"]
[Black "Block, Timo"]
[Result "0-1"]
[WhiteElo "1620"]
[BlackElo "1693"]
[PlyCount "46"]
[EventDate "2020.05.01"]
[EventType "swiss (blitz)"]
[EventRounds "13"]
[EventCountry "GER"]
[SourceTitle "CBM 195 Extra"]
[Source "ChessBase"]
[SourceDate "2020.05.31"]
[SourceVersion "1"]
[SourceVersionDate "2020.05.31"]
[SourceQuality "1"]

1. e4 e6 2. d4 d5 3. Nc3 Bb4 4. Bd3 c5 5. Nf3 Nc6 6. exd5 exd5 7. dxc5 Bxc5 8. 0-0 Nf6 9. Re1+ Be6 10. Bc4 dxc4 11. Qe2 0-0 12. Ng5 Nd4 13. Nxe6 Nxe2+ 14. Rxe2 fxe6 15. Rxe6 Bxf2+ 16. Kxf2 Ng4+ 17. Kg1 Qd4+ 18. Be3 Nxe3 19. Re1 Ng4+ 20. Kh1 Nf2+ 21. Kg1 Nh3+ 22. Kh1 Qg1+ 23. Rxg1 Nf2# 0-1

[Event "GER-ch Net Amateur Gr-B Vor2"]
[Site "Playchess.com INT"]
[Date "2020.04.15"]
[Round "3"]
[White "Block, Timo"]
[Black "Susallek, Markus"]
[Result "0-1"]
[WhiteElo "1620"]
[BlackElo "1833"]
[PlyCount "74"]
[EventDate "2020.04.15"]
[EventType "swiss (blitz)"]
[EventRounds "9"]
[EventCountry "GER"]
[SourceTitle "CBM 196 Extra"]
[Source "ChessBase"]
[SourceDate "2020.07.31"]
[SourceVersion "1"]
[SourceVersionDate "2020.07.31"]
[SourceQuality "1"]

1. e4 c5 2. c3 e6 3. d4 d5 4. exd5 Qxd5 5. Nf3 Nf6 6. Na3 Nc6 7. Nb5 Qd8 8. Bf4 Nd5 9. Bg3 a6 10. Na3 cxd4 11. Nxd4 Bxa3 12. Nxc6 bxc6 13. bxa3 Qa5 14. Be5 0-0 15. Qb3 f6 16. Bd4 e5 17. Be3 Be6 18. Bc4 Rab8 19. Qc2 Qxa3 20. 0-0 Bf7 21. Bb3 Bg6 22. Qe2 Kh8 23. c4 Nxe3 24. Qxe3 Rfd8 25. Rfd1 Qb2 26. Rab1 Bxb1 27. Rxd8+ Rxd8 28. h3 Bxa2 29. Bxa2 Qxa2 30. Qb6 Qd2 31. Qxc6 Qe1+ 32. Kh2 Qxf2 33. Qa4 Qf4+ 34. Kg1 e4 35. c5 Qc1+ 36. Kh2 Qxc5 37. Qxe4 Qe5+ 0-1

[Event "GER-ch Net Amateur Gr-B Vor2"]
[Site "Playchess.com INT"]
[Date "2020.04.15"]
[Round "5"]
[White "Diederichs, Karl"]
[Black "Block, Timo"]
[Result "0-1"]
[WhiteElo "1412"]
[BlackElo "1620"]
[PlyCount "100"]
[EventDate "2020.04.15"]
[EventType "swiss (blitz)"]
[EventRounds "9"]
[EventCountry "GER"]
[SourceTitle "CBM 196 Extra"]
[Source "ChessBase"]
[SourceDate "2020.07.31"]
[SourceVersion "1"]
[SourceVersionDate "2020.07.31"]
[SourceQuality "1"]

1. d4 d5 2. Nf3 Nf6 3. e3 c5 4. c3 e6 5. Bd3 Nc6 6. Nbd2 Bd6 7. 0-0 0-0 8. Re1 e5 9. e4 cxd4 10. exd5 Nxd5 11. cxd4 exd4 12. Nb3 Bg4 13. Nbxd4 Nxd4 14. Bxh7+ Kxh7 15. Qxd4 Bxf3 16. gxf3 Nf6 17. Qh4+ Kg8 18. Bg5 Be7 19. Re5 Re8 20. Rae1 Qd6 21. Bxf6 Qxf6 22. Qxf6 gxf6 23. Rxe7 Kf8 24. Rxe8+ Rxe8 25. Rxe8+ Kxe8 26. Kg2 Kf8 27. Kg3 Kg7 28. Kf4 Kg6 29. Kg4 f5+ 30. Kh4 f6 31. f4 b5 32. h3 a5 33. a3 b4 34. axb4 axb4 35. b3 Kh6 36. f3 Kg6 37. Kg3 Kh5 38. h4 Kg6 39. Kf2 Kh5 40. Ke3 Kxh4 41. Kd4 Kg3 42. Kc4 Kxf4 43. Kxb4 Kxf3 44. Kc5 Ke4 45. b4 f4 46. b5 f3 47. b6 f2 48. b7 f1Q 49. b8Q Qc1+ 50. Kd6 Qf4+ 0-1

[Event "Bremen Silvester op"]
[Site "Bremen"]
[Date "2019.12.28"]
[Round "4"]
[White "Block, Timo"]
[Black "Bahr, Arne"]
[Result "1-0"]
[WhiteElo "1827"]
[BlackElo "1646"]
[PlyCount "79"]
[EventDate "2019.12.27"]
[EventType "swiss"]
[EventRounds "7"]
[EventCountry "GER"]
[SourceTitle "CBM 194 Extra"]
[Source "ChessBase"]
[SourceDate "2020.03.31"]
[SourceVersion "1"]
[SourceVersionDate "2020.03.31"]
[SourceQuality "1"]

1. e4 g6 2. d4 Nf6 3. Nc3 d5 4. e5 Nh5 5. Bd3 Nc6 6. Nf3 a6 7. a3 Bg4 8. Be3 Ng7 9. h3 Be6 10. g4 h5 11. Ng5 Qd7 12. Nxe6 Qxe6 13. f3 0-0-0 14. Qe2 Kb8 15. 0-0-0 Qc8 16. f4 Ne6 17. Qf2 hxg4 18. hxg4 Rxh1 19. Rxh1 Ncxd4 20. Bxd4 c5 21. Be3 d4 22. Bd2 dxc3 23. Bxc3 c4 24. Be4 Nc5 25. Bf3 e6 26. Rh7 Qc7 27. Bd4 Na4 28. c3 Bc5 29. Bd1 Bxd4 30. cxd4 Nb6 31. f5 gxf5 32. gxf5 exf5 33. Qxf5 Rxd4 34. Rxf7 Qd8 35. Bf3 Nd7 36. e6 Qh4 37. Rxd7 Qe1+ 38. Kc2 Qd2+ 39. Kb1 c3 40. Qf8+ 1-0

[Event "Bremen-ch"]
[Site "Bremen"]
[Date "2019.04.20"]
[Round "9.12"]
[White "Block, Timo"]
[Black "Buhrdorf, Axel"]
[Result "1/2-1/2"]
[WhiteElo "1869"]
[BlackElo "1798"]
[PlyCount "125"]
[EventDate "2019.04.13"]
[EventType "swiss"]
[EventRounds "9"]
[EventCountry "GER"]
[SourceTitle "EXT 2020"]
[Source "ChessBase"]
[SourceDate "2019.10.17"]
[SourceVersion "1"]
[SourceVersionDate "2019.10.17"]
[SourceQuality "1"]

1. e4 e6 2. d4 d5 3. e5 c5 4. c3 Nc6 5. Nf3 Qb6 6. a3 cxd4 7. cxd4 Bd7 8. Be2 Nge7 9. b4 a6 10. 0-0 Ng6 11. Nc3 Na7 12. Qd2 Be7 13. Bb2 0-0 14. Rfc1 Rac8 15. Rc2 Nb5 16. Na4 Rxc2 17. Qxc2 Qc6 18. Qxc6 Bxc6 19. Nc5 Bxc5 20. bxc5 f6 21. exf6 gxf6 22. g3 Re8 23. Re1 Kf7 24. Bd3 Rb8 25. Rc1 Rc8 26. Ne1 Na7 27. f4 Bb5 28. Rb1 Bxd3 29. Nxd3 Ne7 30. Nb4 Nac6 31. Bc3 Rc7 32. Kf2 Na7 33. a4 Nac6 34. Kf3 Nxb4 35. Rxb4 Nc6 36. Rb2 h5 37. h3 f5 38. g4 fxg4+ 39. hxg4 hxg4+ 40. Kxg4 Kf6 41. Rh2 Rg7+ 42. Kf3 Kf7 43. Rh5 Kf6 44. Rh6+ Kf7 45. f5 exf5 46. Rd6 Rh7 47. Kg2 Rh4 48. Rxd5 Ke7 49. Rd6 Re4 50. Kf3 Rh4 51. d5 Rh3+ 52. Kf4 Rxc3 53. dxc6 bxc6 54. Rxc6 Rc4+ 55. Kxf5 Rxa4 56. Ke5 Kd7 57. Kd5 Rd4+ 58. Kxd4 Kxc6 59. Kc4 a5 60. Kd4 a4 61. Kc4 a3 62. Kb3 Kxc5 63. Kxa3 1/2-1/2

[Event "Bremen-ch"]
[Site "Bremen"]
[Date "2019.04.19"]
[Round "8.14"]
[White "Giss, Alexander"]
[Black "Block, Timo"]
[Result "0-1"]
[WhiteElo "1415"]
[BlackElo "1869"]
[PlyCount "42"]
[EventDate "2019.04.13"]
[EventType "swiss"]
[EventRounds "9"]
[EventCountry "GER"]
[SourceTitle "EXT 2020"]
[Source "ChessBase"]
[SourceDate "2019.10.17"]
[SourceVersion "1"]
[SourceVersionDate "2019.10.17"]
[SourceQuality "1"]

1. c4 e5 2. Nc3 Nf6 3. g3 c6 4. Bg2 d6 5. e3 Bf5 6. d4 Nbd7 7. Nge2 Be7 8. 0-0 0-0 9. b3 Qc7 10. Bb2 Rfe8 11. d5 Nb6 12. Rc1 a6 13. h3 h6 14. Kh2 Rac8 15. e4 Bh7 16. g4 Nbd7 17. Qd2 Nf8 18. f4 exf4 19. Qxf4 Ng6 20. Qf2 Ne5 21. Rcd1 Nexg4+ 0-1

[Event "Bremen-ch"]
[Site "Bremen"]
[Date "2019.04.16"]
[Round "5.11"]
[White "Roehl, Bernd"]
[Black "Block, Timo"]
[Result "1-0"]
[WhiteElo "1682"]
[BlackElo "1869"]
[PlyCount "43"]
[EventDate "2019.04.13"]
[EventType "swiss"]
[EventRounds "9"]
[EventCountry "GER"]
[SourceTitle "EXT 2020"]
[Source "ChessBase"]
[SourceDate "2019.10.17"]
[SourceVersion "1"]
[SourceVersionDate "2019.10.17"]
[SourceQuality "1"]

1. d4 d5 2. Nf3 Nf6 3. e3 c5 4. Bd3 Nc6 5. 0-0 Bg4 6. c3 e5 7. dxe5 Nxe5 8. Be2 Nxf3+ 9. Bxf3 Bxf3 10. Qxf3 Bd6 11. Nd2 0-0 12. c4 Qc7 13. g3 dxc4 14. Nxc4 Be7 15. e4 b5 16. Ne3 Rfd8 17. Nf5 Bf8 18. Bg5 Be7 19. Rfe1 Rd7 20. e5 Nd5 21. Nxe7+ Nxe7 22. Qxa8+ 1-0

[Event "Bremen-ch"]
[Site "Bremen"]
[Date "2019.04.14"]
[Round "3.13"]
[White "Koerber, Uwe"]
[Black "Block, Timo"]
[Result "0-1"]
[WhiteElo "1762"]
[BlackElo "1869"]
[PlyCount "68"]
[EventDate "2019.04.13"]
[EventType "swiss"]
[EventRounds "9"]
[EventCountry "GER"]
[SourceTitle "EXT 2020"]
[Source "ChessBase"]
[SourceDate "2019.10.17"]
[SourceVersion "1"]
[SourceVersionDate "2019.10.17"]
[SourceQuality "1"]

1. e4 e6 2. d4 d5 3. Nc3 Bb4 4. e5 c5 5. a3 Bxc3+ 6. bxc3 Qc7 7. Bd2 Ne7 8. Bd3 Nbc6 9. Qg4 Ng6 10. Bxg6 hxg6 11. Nf3 b6 12. 0-0 Ba6 13. Rfe1 Ne7 14. a4 Nf5 15. h3 Kd7 16. a5 Bc4 17. Ra3 Rhb8 18. a6 b5 19. Ng5 Ke8 20. h4 cxd4 21. h5 gxh5 22. Qxh5 Qe7 23. cxd4 g6 24. Qh3 Nxd4 25. Nh7 Nxc2 26. Bg5 Qxa3 27. Nf6+ Ke7 28. Nxd5+ Kd7 29. Nf6+ Kc6 30. Rd1 Rd8 31. Rxd8 Rxd8 32. Qg4 Rd4 33. Qh3 Qxh3 34. gxh3 b4 0-1

[Event "Youth District Germany"]
[Site "Wuerzburg"]
[Date "2018.10.07"]
[Round "7.5"]
[White "Block, Timo"]
[Black "Zell, Mirjam"]
[Result "1-0"]
[WhiteElo "1777"]
[BlackElo "1797"]
[PlyCount "71"]
[EventDate "2018.10.02"]
[EventType "team-swiss"]
[EventRounds "7"]
[EventCountry "GER"]
[SourceTitle "CBM 186 Extra"]
[Source "ChessBase"]
[SourceDate "2018.08.24"]
[SourceVersion "1"]
[SourceVersionDate "2018.08.24"]
[SourceQuality "1"]
[WhiteTeam "Niedersachsen/SG Bremen U20"]
[BlackTeam "Wuerttemberg U20 II"]
[WhiteTeamCountry "GER"]
[BlackTeamCountry "GER"]

1. e4 e5 2. Bc4 Bc5 3. Nf3 Nc6 4. c3 Nf6 5. d3 d6 6. Bb3 h6 7. Nbd2 0-0 8. 0-0 Ne7 9. d4 exd4 10. cxd4 Bb6 11. Qc2 Nc6 12. Qd3 Re8 13. Re1 a6 14. h3 Ba7 15. Nf1 d5 16. e5 Ne4 17. Ng3 Nxg3 18. fxg3 Nb4 19. Qc3 Nc6 20. Bc2 Kf8 21. Kh1 Be6 22. Rf1 Ke7 23. b4 Kd7 24. a4 g5 25. b5 axb5 26. axb5 Ne7 27. Ba3 Nf5 28. Bxf5 Bxf5 29. e6+ Bxe6 30. Ne5+ Kc8 31. Bc5 Kb8 32. Rxa7 Rxa7 33. Bxa7+ Kxa7 34. Qa3+ Kb8 35. Ra1 c6 36. b6 1-0

[Event "Youth District Germany"]
[Site "Wuerzburg"]
[Date "2018.10.06"]
[Round "6.5"]
[White "Ley, Sabrina"]
[Black "Block, Timo"]
[Result "1/2-1/2"]
[WhiteElo "1902"]
[BlackElo "1777"]
[PlyCount "48"]
[EventDate "2018.10.02"]
[EventType "team-swiss"]
[EventRounds "7"]
[EventCountry "GER"]
[SourceTitle "CBM 186 Extra"]
[Source "ChessBase"]
[SourceDate "2018.08.24"]
[SourceVersion "1"]
[SourceVersionDate "2018.08.24"]
[SourceQuality "1"]
[WhiteTeam "Rheinland Pfalz U20"]
[BlackTeam "Niedersachsen/SG Bremen U20"]
[WhiteTeamCountry "GER"]
[BlackTeamCountry "GER"]

1. e4 e6 2. d4 d5 3. Nc3 Bb4 4. Bd3 c5 5. exd5 exd5 6. dxc5 d4 7. Bb5+ Nc6 8. a3 Bxc5 9. Qe2+ Be7 10. Ne4 Bf5 11. Bd2 Qd5 12. f3 Be6 13. Nh3 a6 14. Bd3 Bxh3 15. gxh3 Ne5 16. Bf4 f5 17. Bxe5 Qxe5 18. Ng3 Qxe2+ 19. Nxe2 g6 20. Nxd4 Bf6 21. c3 0-0-0 22. 0-0-0 Ne7 23. Ne6 Rd6 24. Bc4 Rc6 1/2-1/2

[Event "Youth District Germany"]
[Site "Wuerzburg"]
[Date "2018.10.04"]
[Round "3.5"]
[White "Wiesner, Paula"]
[Black "Block, Timo"]
[Result "1-0"]
[WhiteElo "1969"]
[BlackElo "1777"]
[PlyCount "63"]
[EventDate "2018.10.02"]
[EventType "team-swiss"]
[EventRounds "7"]
[EventCountry "GER"]
[SourceTitle "CBM 186 Extra"]
[Source "ChessBase"]
[SourceDate "2018.08.24"]
[SourceVersion "1"]
[SourceVersionDate "2018.08.24"]
[SourceQuality "1"]
[WhiteTeam "Berlin U20"]
[BlackTeam "Niedersachsen/SG Bremen U20"]
[WhiteTeamCountry "GER"]
[BlackTeamCountry "GER"]

1. d4 d5 2. c4 e6 3. Nc3 Nf6 4. cxd5 exd5 5. Bg5 c6 6. Qc2 Bg4 7. e3 Nbd7 8. Bd3 Bd6 9. f3 Bh5 10. Nge2 Bg6 11. e4 Be7 12. e5 Bxd3 13. Qxd3 Ng8 14. Be3 Nb6 15. b3 Rc8 16. 0-0 a6 17. Ng3 c5 18. dxc5 Bxc5 19. Bxc5 Rxc5 20. Nf5 Kf8 21. Ne4 Rc6 22. Ned6 Qc7 23. Nd4 Rc3 24. Qf5 Nh6 25. Qf4 Qe7 26. Rac1 Rxc1 27. Rxc1 g5 28. Qf6 Qxf6 29. exf6 Ng8 30. Rc7 Nxf6 31. Rxf7+ Kg8 32. Ne6 1-0

[Event "GER-ch U14"]
[Site "Willingen"]
[Date "2018.05.23"]
[Round "5"]
[White "Block, Timo"]
[Black "Breitzmann, Sander"]
[Result "1-0"]
[WhiteElo "1753"]
[BlackElo "1852"]
[PlyCount "73"]
[EventDate "2018.05.19"]
[EventType "swiss"]
[EventRounds "9"]
[EventCountry "GER"]
[SourceTitle "CBM 184 Extra"]
[Source "ChessBase"]
[SourceDate "2018.06.28"]
[SourceVersion "1"]
[SourceVersionDate "2018.06.28"]
[SourceQuality "1"]

1. e4 e5 2. Nf3 Nc6 3. Bc4 Bc5 4. c3 Nf6 5. d4 exd4 6. cxd4 Bb4+ 7. Bd2 Bxd2+ 8. Nbxd2 d5 9. exd5 Nxd5 10. Qb3 Nce7 11. 0-0 0-0 12. Rfe1 c6 13. Rac1 a5 14. a3 a4 15. Qc2 Bf5 16. Bd3 Bxd3 17. Qxd3 Nf4 18. Qc2 Ned5 19. Ne4 Qd7 20. Ne5 Qf5 21. Qd2 f6 22. Nd3 Rfe8 23. f3 Nxd3 24. Qxd3 Nf4 25. Qd2 Red8 26. g4 Nh3+ 27. Kg2 Qf4 28. Kxh3 Qxf3+ 29. Ng3 f5 30. gxf5 Rd6 31. Re4 Rh6+ 32. Rh4 Rxh4+ 33. Kxh4 h5 34. Nxh5 Qxf5 35. Rg1 Ra5 36. Rxg7+ Kf8 37. Qb4+ 1-0

[Event "Bremen-ch op"]
[Site "Bremen"]
[Date "2018.03.29"]
[Round "7"]
[White "Kropp, Joachim"]
[Black "Block, Timo"]
[Result "0-1"]
[WhiteElo "1859"]
[BlackElo "1738"]
[PlyCount "66"]
[EventDate "2018.03.24"]
[EventType "swiss"]
[EventRounds "9"]
[EventCountry "GER"]
[SourceTitle "EXT 2019"]
[Source "ChessBase"]
[SourceDate "2018.10.10"]
[SourceVersion "1"]
[SourceVersionDate "2018.10.10"]
[SourceQuality "1"]

1. f4 d5 2. Nf3 Nf6 3. e3 c5 4. b3 Bf5 5. Bb2 Nc6 6. Bb5 e6 7. 0-0 Be7 8. d3 a6 9. Bxc6+ bxc6 10. Ne5 Qb6 11. Qe2 h5 12. Nd2 Rg8 13. Ndf3 Ng4 14. h3 Nxe5 15. Nxe5 f6 16. Qxh5+ g6 17. Qh7 Rf8 18. Nxg6 Bxg6 19. Qxg6+ Kd7 20. Rad1 Rg8 21. Qh5 Rh8 22. Qf3 Rag8 23. g4 Qb8 24. Kg2 Rh6 25. c4 f5 26. g5 Bxg5 27. Be5 Bxf4+ 28. Kf2 Bxe5 29. Rg1 Rhg6 30. Rxg6 Rxg6 31. cxd5 cxd5 32. e4 Bd4+ 33. Ke2 Qh2+ 0-1

[Event "Bremen-ch op"]
[Site "Bremen"]
[Date "2018.03.25"]
[Round "3"]
[White "Ditmas, Hugh"]
[Black "Block, Timo"]
[Result "1/2-1/2"]
[WhiteElo "1920"]
[BlackElo "1738"]
[PlyCount "92"]
[EventDate "2018.03.24"]
[EventType "swiss"]
[EventRounds "9"]
[EventCountry "GER"]
[SourceTitle "EXT 2019"]
[Source "ChessBase"]
[SourceDate "2018.10.10"]
[SourceVersion "1"]
[SourceVersionDate "2018.10.10"]
[SourceQuality "1"]

1. d4 d5 2. c4 e6 3. Nf3 c6 4. Nc3 Nf6 5. Bg5 Be7 6. e3 0-0 7. Qc2 Nbd7 8. Rd1 Re8 9. a3 Qa5 10. Nd2 dxc4 11. Bxf6 Nxf6 12. Nxc4 Qg5 13. f4 Qg4 14. Ne5 Qh5 15. Be2 Qh6 16. 0-0 Nd5 17. Rf3 g6 18. Rh3 Qg7 19. Bd3 f5 20. Nxd5 exd5 21. Be2 Bd6 22. Rf3 Bd7 23. Rff1 Rac8 24. b4 a5 25. Qb3 axb4 26. axb4 Ra8 27. Ra1 Qe7 28. b5 Reb8 29. b6 Be6 30. Bf3 Bb4 31. Kf2 Ba5 32. Rfb1 Ra6 33. Qc2 Rba8 34. Qb2 Qd8 35. Be2 Rxb6 36. Qc2 Rxb1 37. Rxb1 Qc7 38. Qc5 Rc8 39. h4 b6 40. Qc2 c5 41. Rc1 c4 42. Qa4 Ra8 43. Qb5 Bd2 44. Rc2 c3 45. Nf3 Qb7 46. Qb4 Rd8 1/2-1/2